000
00309nam a22001217a 4500
999
_c
535046
_d
535046
040
_c
MSOHAIL
082
_a
621.3678
_b
BHA
100
_a
S. C. Bhatia
_9
29540
245
_a
Fundamentals of Remote Sensing
260
_a
Atlantic Publishers & Distributors Pvt Ltd
_c
c2018
300
_a
552;pxv
942
_2
ddc
_c
BK